书目信息 |
| 题名: |
建筑工程项目质量与安全控制手册
|
|
| 作者: | 俞宗卫 主编 | |
| 分册: | ||
| 出版信息: | 北京 知识产权出版社 2007.05 |
|
| 页数: | 240页 | |
| 开本: | 26cm | |
| 丛书名: | ||
| 单 册: | ||
| 中图分类: | TU712-62 | |
| 科图分类: | ||
| 主题词: | 建筑工程--jian zhu gong cheng--工程质量--质量分析--手册 , 建筑工程--jian zhu gong cheng--工程施工--安全管理--手册 | |
| 电子资源: | ||
| ISBN: | 978-7-80198-562-0 | |
| 000 | 00981nam0 2200241 450 | |
| 001 | 012007089732 | |
| 005 | 20071105135026.35 | |
| 010 | @a978-7-80198-562-0@dCNY30.00 | |
| 100 | @a20070924d2007 km y0chiy0120 ea | |
| 101 | 0 | @achi |
| 102 | @aCN@b110000 | |
| 105 | @aa z 000yy | |
| 106 | @ar | |
| 200 | 1 | @a建筑工程项目质量与安全控制手册@Ajian zhu gong cheng xiang mu zhi liang yu an quan kong zhi shou ce@f俞宗卫主编@Fyu zong wei zhu bian |
| 210 | @a北京@c知识产权出版社@d2007.05 | |
| 215 | @a240页@c图@d26cm | |
| 330 | @a本书主要依据《中华人民共和国建筑法》、《中华人民共和国安全法》、《建设工程质量管理条例》、《建设工程安全生产管理条例》等及国家有关相关法规、规范及相关执业资格考试制度的规定。 | |
| 606 | 0 | @a建筑工程@Ajian zhu gong cheng@x工程质量@x质量分析@j手册 |
| 606 | 0 | @a建筑工程@Ajian zhu gong cheng@x工程施工@x安全管理@j手册 |
| 690 | @aTU712-62@v4 | |
| 701 | 0 | @a俞宗卫@Ayu zong wei@4主编 |
| 801 | 0 | @aCN@b@c20071105 |
| 905 | @b264622-24@dTU712-62@eY813@f3 | |
| 建筑工程项目质量与安全控制手册/俞宗卫主编.-北京:知识产权出版社,2007.05 |
| 240页:图;26cm |
| ISBN 978-7-80198-562-0:CNY30.00 |
| 本书主要依据《中华人民共和国建筑法》、《中华人民共和国安全法》、《建设工程质量管理条例》、《建设工程安全生产管理条例》等及国家有关相关法规、规范及相关执业资格考试制度的规定。 |
| ● |
| 相关链接 |
|
|
|
正题名:建筑工程项目质量与安全控制手册
索取号:TU712-62/Y813
 
预约/预借
| 序号 | 登录号 | 条形码 | 馆藏地/架位号 | 状态 | 备注 |
| 1 | 264622 | 202646226 | 土木与交通工程学院资料室/土木与交通学院资料室 1排1列1层/ [索取号:TU712-62/Y813] | 在馆 | |
| 2 | 264623 | 202646235 | 建筑库201/201建筑库 23排1列2层/ [索取号:TU712-62/Y813] | 在馆 | |
| 3 | 264624 | 202646244 | 土木与交通工程学院资料室/土木与交通学院资料室 1排1列1层/ [索取号:TU712-62/Y813] | 在馆 |